00462nmm a2200169Ia 4500008004100000020001800041041000800059100003000067245002400097264004200121300001800163490001400181650002200195856005100217942000700268999001700275251105s9999||||xx |||||||||||||||||und|| a9788499533346 aspa aPalma y Romay, Ramón de 0aMatanzas y Yumurí a[Madrid, España] :bLinkgua, c2016 a140 páginas aNarrativa aSpanish narrative uhttps://public.digitaliapublishing.com/a/16553 cCF c93079d93079